Cívica 7 : (Registro nro. 10142)

Detalles MARC
000 -LIDER
fixed length control field 01460nam a22003617a 4500
001 - NÚMERO DE CONTROL
Identificador de número de control 00342
003 - IDENTIFICACDOR DE NÚMERO DE CONTROL
control field DO-SdBNP
005 - DATE AND TIME OF LATEST TRANSACTION
control field 20170306112848.0
007 - CAMPOS FIJOS DE DESCRIPCIÓN FÍSICA
fixed length control field 00342
008 - ELEMENTOS DE LONGITUD FIJA
fixed length control field 160510b 2004 ||| |||| 00| 0 spa d
020 ## - ISBN
International Standard Book Number 8482616277
040 ## - FUENTE DE CATALOGACIÓN
Agencia que crea de manera original el registro BPMSU
Idioma de catalogación spa
Agencia que realiza la transcripción BPMSU
082 04 - NÚMERO DE CLASIFICACIÓN DECIMAL DE DEWEY
Classification number 372.832
Item number M828c 7mo. 2004
100 1# - ASIENTO PRINCIPAL -- NOMBRE PERSONAL
Nombre personal Morales, Marcos
245 1# - MENCIÓN DE TITULO
Título Cívica 7 :
Subtítulo educación básica/
Mención de responsabilidad Marcos Morales ; editora Margarita Castro Catrain; ilustración José Amado Polanco
260 ## - PUBLICACIÓN, DISTRIBUCIÓN, ETC. (PIE DE IMPRENTA)
Lugar de publicación, distribución, etc Santo Domingo :
Nombre del editor, distribuidor, etc. Santillana,
Fecha de publicación, distribución, etc 2004
300 ## - DESCRIPCIÓN FÍSICA
Extensión 79 p. :
Otros detalles físicos il., retrs.
Dimensiones 29 cm.
490 1# - MENCIÓN DE SERIES
Mención de serie Ámbar
500 ## - NOTA GENERAL
Nota general Este libro ha sido realizado de conformidad con el currículum vigente y ha sido sometido a la aprobación de la SEE
500 ## - NOTA GENERAL
Nota general
505 ## - NOTA DE CONTENIDO
Título Los derechos humanos --
-- Los derechos sociales --
-- Derechos de niños y jóvenes --
-- Derechos de los trabajadores --
-- Nación, Estado y economía --
-- Éticay política --
--
650 #4 - ENCABEZAMIENTO DE MATERIA--TEMÁTICO
Término temático o nombre geográfico como elemento de entrada EDUCACIÓN CÍVICA
Fuente del encabezamiento o término ENSEÑANZA BÁSICA
650 #4 - ENCABEZAMIENTO DE MATERIA--TEMÁTICO
Término temático o nombre geográfico como elemento de entrada EDUCACIÓN CÍVICA
Subdivisión temática general ESTUDIOS Y EJERCICIOS
650 #4 - ENCABEZAMIENTO DE MATERIA--TEMÁTICO
Término temático o nombre geográfico como elemento de entrada EDUCACIÓN CÍVICA
Subdivisión temática general LIBROS DE TEXTOS
650 #4 - ENCABEZAMIENTO DE MATERIA--TEMÁTICO
Término temático o nombre geográfico como elemento de entrada EDUCACIÓN CÍVICA
Subdivisión temática general EDUCACIÓN PRIMARIA
650 #4 - ENCABEZAMIENTO DE MATERIA--TEMÁTICO
Término temático o nombre geográfico como elemento de entrada EDUCACIÓN CÍVICA
Subdivisión temática general REPÚBLICA DOMINICANA
700 1# - ASIENTO SECUNDARIO -- NOMBRE PERSONAL
Nombre personal García de Escobar, Obdulia,
Mención de responsabilidad ed.
700 1# - ASIENTO SECUNDARIO -- NOMBRE PERSONAL
Nombre personal Castro Catrain, Margarita,
Mención de responsabilidad ed.
830 ## - ASIENTO SECUNDARIO DE SERIE--TÍTULO UNIFORME
Título uniforme Ámbar
910 ## - VALIDACIÓN
Validación Validado. Control de calidad MFF
942 ## - ADDED ENTRY ELEMENTS (KOHA)
Source of classification or shelving scheme Dewey Decimal Classification
Koha item type Libros
956 ## - LOCAL ELECTRONIC LOCATION AND ACCESS (OCLC)
Nombre de host VMATEO
Método de acceso 10
Materiales especificados 20160513
Enlace BPMSU
Campo enlazado y núm. de secuencia 0069
Existencias
Withdrawn status Lost status Source of classification or shelving scheme Damaged status Not for loan Collection code Home library Current library Date acquired Source of acquisition Total Checkouts Full call number Barcode Date last seen Price effective from Koha item type
    Dewey Decimal Classification     Colección Escolar Biblioteca Pública Metropolitana Salomé Ureña Biblioteca Pública Metropolitana Salomé Ureña 05/13/2016 Donación   372.832 M828c 7mo. 2004 BPMSU16050330 05/13/2016 05/13/2016 Libros